Countries Without a FIFA World Cup Win - Statistics

General Stats
  • This quiz has been taken 22 times
  • The average score is 14 of 20
Answer Stats
No. of games Pts Country % Correct
3 0 Iraq
82%
6 3 New Zealand
82%
3 0 Panama
82%
6 1 Bolivia
76%
6 0 El Salvador
76%
9 3 Honduras
76%
1 0 Indonesia
76%
3 1 Kuwait
76%
3 0 D.R.Congo
71%
3 0 Haiti
71%
3 1 Trinidad and Tobago
71%
3 2 Angola
65%
6 0 Canada
65%
3 0 China
65%
3 0 Qatar
59%
3 0 Togo
59%
3 0 United Arab Emirates
59%
7 2 Egypt
53%
3 1 Iceland
53%
3 2 Israel
41%
No matching quizzes found
Score Distribution
Percent of People with Each Score
Percentile by Number Answered
Your Score History
You have not taken this quiz